La Tuberculosis en Cataluña : informe informe
Publicado:
[Barcelona] :
Generalitat de Catalunya. Departament de Sanitat i Seguretat Social. Direcció General de Promoció de la Salut ,
1983
Descripción Física:
301 p. ; 22'5 cm
Colección:
Informes tècnics. Sèrie Promoció de la Salut
Otros Autores:
Catalunya. Direcció General de Promoció de la Salut
Materias:
Tuberculosi -- Prevenció -- Catalunya
MARC
| LEADER | 00000nam a2200000Ia 4500 | ||
|---|---|---|---|
| 001 | 1398 | ||
| 008 | 160829s1983 xx 000 0 cat d | ||
| 080 | |a C-1-304 | ||
| 245 | |a La Tuberculosis en Cataluña : |b informe | ||
| 260 | |a [Barcelona] : |b Generalitat de Catalunya. Departament de Sanitat i Seguretat Social. Direcció General de Promoció de la Salut, |c 1983 | ||
| 300 | |a 301 p. ; |c 22'5 cm | ||
| 490 | |a Informes tècnics. Sèrie Promoció de la Salut | ||
| 650 | |a Tuberculosi |x Prevenció |x Catalunya |9 19821 | ||
| 700 | |a Catalunya. Direcció General de Promoció de la Salut |9 36966 | ||
| 901 | |a Arxiu | ||
| 942 | |n 1 | ||
| 952 | |0 0 |1 0 |4 0 |6 C1304 |7 1 |9 41333 |a Arxiu |b Arxiu |d 2016-12-01 |l 0 |o C-1-304 |p 1398 |r 2016-12-01 00:00:00 |w 2016-12-01 |y ARXIU | ||
| 999 | |c 43141 |d 43141 | ||